[Event "SRB-ch sf"]
[Site "Belgrade"]
[Date "2016.03.23"]
[Round "3"]
[White "Turan, Mihal"]
[Black "Jovancev, Orce"]
[Result "1-0"]
[WhiteElo "1906"]
[BlackElo "1709"]
[PlyCount "51"]
[EventDate "2016.03.21"]
[EventType "swiss"]
[EventRounds "9"]
[EventCountry "SRB"]
[SourceTitle "CBM 171 Extra"]
[Source "ChessBase"]
[SourceDate "2016.04.26"]
[SourceVersion "1"]
[SourceVersionDate "2016.04.26"]
[SourceQuality "1"]

1. b3 e5 2. Bb2 Nc6 3. e3 d6 4. g3 Nf6 5. Bg2 g6 6. Nc3 Bg7 7. Nge2 0-0 8. 0-0 Rb8 9. d4 exd4 10. exd4 Ne7 11. Nf4 Bf5 12. Re1 Re8 13. a4 d5 14. Nd3 c6 15. Ne5 Nc8 16. Qd2 Nd6 17. f3 Nd7 18. g4 Be6 19. Ba3 Nc8 20. Nxd7 Qxd7 21. Ne2 Qc7 22. Rad1 Nb6 23. h4 h6 24. Qf4 Qxf4 25. Nxf4 Bxd4+ 26. Rxd4 1-0

[Event "Skopje op 19th"]
[Site "Skopje"]
[Date "2011.10.30"]
[Round "7"]
[White "Jovancev, Orce"]
[Black "Stoilkovski, Jordan"]
[Result "1-0"]
[WhiteElo "1737"]
[BlackElo "1954"]
[PlyCount "119"]
[EventDate "2011.10.24"]
[EventType "swiss"]
[EventRounds "9"]
[EventCountry "MKD"]
[SourceTitle "EXT 2012"]
[Source "ChessBase"]
[SourceDate "2011.11.24"]
[SourceVersion "1"]
[SourceVersionDate "2011.11.24"]
[SourceQuality "1"]

1. b3 d5 2. Bb2 Nc6 3. e3 a6 4. Nf3 f6 5. c4 Be6 6. cxd5 Bxd5 7. Nc3 Bf7 8. Be2 e5 9. 0-0 Bd6 10. Ne4 Nge7 11. d4 exd4 12. Nxd4 Nxd4 13. Bxd4 Nc6 14. Bb2 Be5 15. Bxe5 Nxe5 16. Rc1 Qxd1 17. Rfxd1 c6 18. Nd6+ Ke7 19. Nxb7 Rhc8 20. Nc5 Rc7 21. Nd3 Nxd3 22. Bxd3 Be8 23. Bxh7 g6 24. Bg8 Bf7 25. Bxf7 Kxf7 26. Rd6 Rac8 27. Rcd1 Ke7 28. f3 Rb8 29. Kf2 Rb5 30. R6d4 a5 31. Rc4 Rb4 32. Rdd4 Rxc4 33. Rxc4 Kd6 34. Ra4 Ra7 35. Ke2 c5 36. Kd3 Kc6 37. Rg4 Rg7 38. h4 Kb5 39. a4+ Kc6 40. Kc4 Kb6 41. e4 Kc6 42. f4 Kd6 43. e5+ fxe5 44. fxe5+ Kc6 45. Rg5 Kd7 46. Kxc5 Rg8 47. Kd5 Ke7 48. e6 Kf6 49. Kc4 Rc8+ 50. Kd3 Rb8 51. Kc3 Rc8+ 52. Kb2 Ra8 53. g3 Ra7 54. e7 Ra8 55. Rxa5 Re8 56. Ra7 Kf7 57. a5 Rg8 58. a6 g5 59. hxg5 Rxg5 60. e8Q+ 1-0

[Event "Skopje op 19th"]
[Site "Skopje"]
[Date "2011.10.26"]
[Round "3"]
[White "Stojkovska, Monika"]
[Black "Jovancev, Orce"]
[Result "0-1"]
[WhiteElo "1927"]
[BlackElo "1737"]
[PlyCount "124"]
[EventDate "2011.10.24"]
[EventType "swiss"]
[EventRounds "9"]
[EventCountry "MKD"]
[SourceTitle "EXT 2012"]
[Source "ChessBase"]
[SourceDate "2011.11.24"]
[SourceVersion "1"]
[SourceVersionDate "2011.11.24"]
[SourceQuality "1"]

1. e4 c5 2. Nf3 g6 3. d4 cxd4 4. Nxd4 Nc6 5. c4 Nf6 6. Nc3 d6 7. Be2 Bg7 8. Be3 0-0 9. 0-0 Bd7 10. Qd2 Nxd4 11. Bxd4 Bc6 12. f3 Nd7 13. Be3 Ne5 14. b4 a6 15. b5 Bd7 16. Nd5 Be6 17. Bb6 Qd7 18. Rac1 Bxd5 19. cxd5 Rfc8 20. f4 Ng4 21. Rxc8+ Rxc8 22. bxa6 bxa6 23. Bxa6 Ra8 24. Qe2 Rb8 25. Bb5 Qb7 26. a4 Qxb6+ 27. Kh1 Nf6 28. Rc1 Qd4 29. Re1 Ne8 30. Qc2 Qc3 31. Qb1 Qb2 32. Qd3 Nc7 33. Rb1 Qc3 34. Qe2 Nxb5 35. axb5 Bd4 36. h3 Qe3 37. Qxe3 Bxe3 38. g3 Bb6 39. Ra1 f6 40. Kg2 Kf7 41. Kf3 Rb7 42. Kg4 Ra7 43. Ra6 Rxa6 44. bxa6 Ba7 45. f5 g5 46. Kh5 Kg7 47. Kg4 Bd4 48. Kf3 h5 49. g4 h4 50. Ke2 Kf7 51. Kd3 Ba7 52. Kc4 Ke8 53. Kb5 Kd7 54. Ka5 Kc7 55. Kb5 Bb6 56. Kc4 Kb8 57. Kb5 Ka7 58. Kc6 Kxa6 59. Kd7 Bd4 60. Kxe7 Be5 61. Kd7 Kb6 62. Kc8 Kc5 0-1

[Event "Skopje op"]
[Site "Skopje"]
[Date "2011.03.23"]
[Round "5"]
[White "Koskoska, Gabriela"]
[Black "Jovancev, Orce"]
[Result "1-0"]
[WhiteElo "2145"]
[BlackElo "1746"]
[PlyCount "25"]
[EventDate "2011.03.19"]
[EventType "swiss"]
[EventRounds "9"]
[EventCountry "MKD"]
[SourceTitle "CBM 141 Extra"]
[Source "ChessBase"]
[SourceDate "2011.05.03"]
[SourceVersion "1"]
[SourceVersionDate "2011.05.03"]
[SourceQuality "1"]

1. e4 c5 2. Nc3 g6 3. g3 b6 4. Bg2 Bb7 5. Nge2 Bg7 6. 0-0 d6 7. d4 cxd4 8. Nxd4 Nc6 9. Be3 Nxd4 10. Bxd4 Nf6 11. e5 Bxg2 12. exf6 Bxf6 13. Kxg2 1-0

[Event "Skopje op"]
[Site "Skopje"]
[Date "2011.03.21"]
[Round "3"]
[White "Jovancev, Orce"]
[Black "Kostadinovski, Zoran"]
[Result "0-1"]
[WhiteElo "1746"]
[BlackElo "2012"]
[PlyCount "42"]
[EventDate "2011.03.19"]
[EventType "swiss"]
[EventRounds "9"]
[EventCountry "MKD"]
[SourceTitle "CBM 141 Extra"]
[Source "ChessBase"]
[SourceDate "2011.05.03"]
[SourceVersion "1"]
[SourceVersionDate "2011.05.03"]
[SourceQuality "1"]

1. e4 c5 2. Nc3 Nc6 3. f4 e6 4. Nf3 a6 5. d3 d5 6. e5 b5 7. b3 Bb7 8. a4 Qa5 9. Bd2 b4 10. Ne2 Qb6 11. Be3 d4 12. Bf2 Nge7 13. Nd2 Nd5 14. g4 Qc7 15. Bg2 g5 16. Bxd5 exd5 17. fxg5 Nxe5 18. Bg3 0-0-0 19. Rf1 Bd6 20. h3 Nxd3+ 21. cxd3 Bxg3+ 0-1

[Event "Belgrade Trophy 23rd"]
[Site "Obrenovac"]
[Date "2010.11.27"]
[Round "4"]
[White "Jovancev, Orce"]
[Black "Djurdjevic, Petar S"]
[Result "0-1"]
[WhiteElo "1705"]
[BlackElo "1938"]
[PlyCount "130"]
[EventDate "2010.11.24"]
[EventType "swiss"]
[EventRounds "9"]
[EventCountry "YUG"]
[SourceTitle "CBM 139 Extra"]
[Source "ChessBase"]
[SourceDate "2011.01.05"]
[SourceVersion "1"]
[SourceVersionDate "2011.01.05"]
[SourceQuality "1"]

1. e4 c5 2. Nc3 Nc6 3. f4 g6 4. Nf3 Bg7 5. Bb5 Nd4 6. 0-0 a6 7. Bc4 e6 8. d3 b5 9. Bb3 Ne7 10. Qe1 Nec6 11. Ne2 0-0 12. Nexd4 Nxd4 13. c3 Nxf3+ 14. Rxf3 Bb7 15. Rh3 d5 16. exd5 Bxd5 17. Bxd5 Qxd5 18. Qh4 h5 19. Qf2 Rfd8 20. Be3 Rac8 21. Rd1 Rd7 22. a3 Qf5 23. Bc1 Rcd8 24. Qe2 Bf6 25. Rg3 Rd5 26. Rf3 Bg7 27. h3 R8d7 28. Kh1 Qf6 29. Kg1 Qd8 30. Kh1 Re7 31. Qf2 Red7 32. Qe2 R7d6 33. Kg1 c4 34. d4 e5 35. Re3 Re6 36. Re1 exd4 37. Rxe6 fxe6 38. Qxe6+ Kh7 39. cxd4 Bxd4+ 40. Kh1 Bg7 41. Qxa6 Rd1 42. Qe6 Qd3 43. Kh2 Rxe1 44. Qxe1 Qc2 45. Bd2 Bxb2 46. Qe7+ Bg7 47. Bb4 Qf5 48. Qc7 Qf6 49. Bd6 Kh6 50. Be7 Qf5 51. Bg5+ Kh7 52. g4 hxg4 53. hxg4 Qf8 54. Qb7 c3 55. Qxb5 Qc8 56. f5 Qc7+ 57. Kg2 gxf5 58. Qxf5+ Kh8 59. Qc2 Qb7+ 60. Kh3 Qf3+ 61. Kh2 Be5+ 62. Kg1 Qxg4+ 63. Kf1 Qxg5 64. Ke2 Qg2+ 65. Kd3 Qg6+ 0-1